00624 2200205 4500001002100000005001700021008004100038035002400079040001200103082001500115090002000130100002100150245009800171260003800269300002700307500002800334650002600362850001200388990001800400INLIS00000000002333020161019145128.0  0010-101600000000282 aYOPDYOG 223a365.66 aSK 365.66 Ell P aELLIVE DIANNAVIA aPartisipasi narapidana dalam kegiatan pembinaan di Lembaga Pemasyarakatanc/ Ellive Diannavia aYogyakartabAPMD Yogyakartac2003 axi, 126 hlm.c; 30 cm. aSkripsi APMD Yogyakarta aPendidikan Narapidana aYOPDYOG a45334-PD/A.12